Paroles Fredz - Le Stade - Statistiques

Statistiques générales
  • Ce quiz a été pris 70 fois
  • Le résultat moyen est 307 sur 403
Statistiques - réponses
Indice Réponse % Correct
Refrain J'ai
100%
j'ai
100%
Je
100%
je
100%
à
98%
coeur
98%
dirais
98%
et
98%
Et
98%
le
98%
Pont Le
98%
mon
98%
98%
pas
98%
que
98%
Que
98%
se
98%
stable
98%
stade
98%
de
96%
j'suis
96%
atteint
93%
es
93%
est
93%
j'te
93%
jte
93%
la
93%
93%
prêt
93%
te
93%
d'autres
91%
en
91%
peu
91%
Couplet 1 Ca
89%
ça
89%
des
89%
dès
89%
intacte
89%
j'suis
89%
les
89%
peur
89%
prendre
89%
un
89%
une
89%
balles
87%
c'que
87%
croise
87%
dans
87%
fait
87%
femme
87%
me
87%
Tout
87%
tout
87%
dirais
84%
ma
84%
qu'tu
84%
rue
84%
sorti
84%
story
84%
as
82%
avoir
82%
bus
82%
qu'elle
82%
sans
82%
Sans
82%
semaines
82%
si
82%
vu
82%
croiser
80%
enlève
80%
face
78%
Couplet 2 Tu
78%
tu
78%
comme
76%
Comme
76%
j'me
76%
j'ressens
76%
lit
76%
Mais
76%
quelques
76%
J'met
73%
pour
73%
ta
73%
casse
71%
fois
71%
luxe
71%
seul
71%
au
69%
J'fais
69%
sur
69%
vivais
69%
Alors
67%
j'avais
67%
J'vais
67%
j'vais
67%
Chaque
64%
d'amis
64%
jour
64%
jpleure
64%
l'ai
64%
s'prendre
64%
plein
60%
disque
58%
faire
58%
garder
56%
jamais
56%
musique
56%
peux
56%
du
53%
maison
53%
pu
53%
qui
53%
t'ai
53%
aimé
51%
deux
51%
faute
51%
lèverai
51%
première
51%
T'façon
51%
tube
51%
Aux
49%
aux
49%
déjà
49%
j'aurais
49%
Couplet 3 | Refrain J'aurais
49%
l'instant
49%
sera
49%
deviendra
47%
dire
47%
hoodie
47%
moi
47%
ordi
47%
selfis
47%
surement
47%
autres
44%
fond
44%
garçons
44%
j'écris
44%
jusqu'au
44%
On
44%
peut-être
44%
Peut-être
44%
plus
44%
restera
44%
signé
44%
autographes
42%
scène
42%
puisses
40%
Terre
40%
choses
38%
concerts
38%
d'un
38%
grandes
38%
l'autre
38%
peine
38%
t'aurais
38%
T'aurais
38%
C'est
36%
c'est
36%
Tous
36%
aurait
33%
chialer
33%
photographes
33%
ramener
33%
tête
33%
échapper
31%
J'enchainerais
31%
l'tour
31%
même
29%
rassure
29%
ressens
29%
t'es
29%
tienne
29%
cinéma
27%
cinq
27%
encore
27%
étoiles
27%
hôtel
27%
n'arrivera
27%
problème
27%
l'apporterais
24%
soirs
24%
vie
24%
Parce
22%
t'aimes
22%
mène
20%
kiffer
18%
qu'je
18%
était
16%
j'peux
16%
J'atteins
13%
ouais
13%
qu'enfin
13%
d'rien
11%
Celui
9%
Aucun quiz correspondant
Distribution des résultats
% des personnes avec chaque résultat
Percentile par nombre de réponses
Votre historique - résultats
Vous n’avez pas pris ce quiz